000 00674cam a2200241 a 4500
001 2058475
005 20180201031404.0
008 930603s1993 utu b 001 0 eng
010 _a 93161619
020 _a0916095495
040 _aDLC
_cDLC
041 _aeng
043 _an-us---
080 _a371.39
082 0 0 _a371.39 JAC
_220
100 1 _a46
101 _aEDU
245 1 0 _aActivities that teach /
_cby Tom Jackson.
504 _aIncludes bibliographical references (p. [229]-231 and index.
906 _a7
_bcbc
_corignew
_d2
_encip
_f19
_gy-gencatlg
942 _2ddc
_cBK
999 _c41426
_d41426